Menilai minat membaca di kalangan murid tahun IV berdasarkan pemilihan bahan bacaan /
Saved in:
| Main Author: | |
|---|---|
| Format: | Thesis Book |
| Language: | Malay |
| Published: |
1987
|
| Subjects: | |
| Tags: |
Add Tag
No Tags, Be the first to tag this record!
|
| LEADER | 01352cam a2200325 4500 | ||
|---|---|---|---|
| 001 | u51420 | ||
| 003 | SIRSI | ||
| 008 | 870814s1987 my bt 00 1 may m | ||
| 015 | |a X870080152 | ||
| 035 | |a AAF-5313 | ||
| 040 | |a UMM | ||
| 043 | |a a-my--- | ||
| 090 | |a Z1003.5 |b M4Saph | ||
| 091 | |a Microfiche 9798 | ||
| 093 | |a Z1003.5 |b M4Saph | ||
| 100 | 0 | 0 | |a Sapiah Hamid. |
| 245 | 1 | 0 | |a Menilai minat membaca di kalangan murid tahun IV berdasarkan pemilihan bahan bacaan / |c oleh Sapiah Hamid |
| 260 | |c 1987 | ||
| 300 | |a xvi, 259 leaves ; |c 30cm | ||
| 500 | |a Also available on microfiche. Kuala Lumpur : Perpustakaan Universiti Malaya, 1995. 3 microfiches : negative, 11x15cm | ||
| 502 | |a Dissertation (M.Ed.) - Fakulti Pendidikan, Universiti Malaya, 1987 | ||
| 504 | |a Bibliography: leaves 231-238. | ||
| 650 | 0 | |a Reading interests |z Malaysia | |
| 650 | 0 | |a Books and reading for children |z Malaysia | |
| 710 | 2 | 0 | |a Universiti Malaya. |b Fakulti Pendidikan. |
| 948 | |a 16/03/1991 |b 23/07/2002 | ||
| 596 | |a 1 8 | ||
| 999 | |a Z1003.5 M4SAPH |w LC |c 1 |i A010320057 |d 21/12/2011 |e 21/12/2011 |l B_KOM4 |m P01UTAMA |n 24 |r Y |s Y |t TESIS |u 20/2/1992 |o .PUBLIC. BKOM4: 42714 | ||
| 999 | |a Z1003.5 M4SAPH |w LC |c 2 |i A503699225 |d 9/1/2020 |e 9/1/2020 |l STACKS |m P01UTAMA |n 11 |r Y |s Y |t TESIS |u 10/3/1998 | ||
| 999 | |a Z1003.5 M4SAPH |w LC |c 1 |i A506700743 |l STACKS |m P08PENDIDI |r Y |s Y |t TESIS |u 24/10/1997 | ||
